000 00248nam a2200109Ia 4500
005 20251222114400.0
008 251222s1900||||xx |||||||||||||| ||spa||
082 _aDVD0099/P27/1963
245 0 _aLa Rabbia
264 _bFerranti, Gastone
942 _cDVD
999 _c1587
_d1587